Managing organizations and people, modular version / (Record no. 347651)

000 -LEADER
fixed length control field 00991 a2200193 4500
020 ## - INTERNATIONAL STANDARD BOOK NUMBER
International Standard Book Number 0324314574 (paperback)
020 ## - INTERNATIONAL STANDARD BOOK NUMBER
International Standard Book Number 9780324314571 (paperback)
082 04 - DEWEY DECIMAL CLASSIFICATION NUMBER
Classification number 658.4
090 ## - LOCALLY ASSIGNED LC-TYPE CALL NUMBER (OCLC); LOCAL CALL NUMBER (RLIN)
-- 5233
-- 5233
100 1# - MAIN ENTRY--PERSONAL NAME
Personal name Buller, Paul F.
245 10 - TITLE STATEMENT
Title Managing organizations and people, modular version /
Statement of responsibility, etc. Paul F. Buller, Randall S. Schuler.
250 ## - EDITION STATEMENT
Edition statement 7th ed.
260 ## - PUBLICATION, DISTRIBUTION, ETC.
Place of publication, distribution, etc. [S.l.] :
Name of publisher, distributor, etc. South-Western College Pub,
Date of publication, distribution, etc. 2005.
300 ## - PHYSICAL DESCRIPTION
Extent 480 p. ;
Dimensions 28 cm.
520 ## - SUMMARY, ETC.
Summary, etc. Get the management textbook that's hand-selected for relevance and student interest. MANAGING ORGANIZATIONS AND PEOPLE, MODULAR VERSION is updated and easier-to-read than ever with loads of study tools and helpful test-taking tips. Plus, with MANAGING ORGANIZATIONS AND PEOPLE, MODULAR VERSION you'll get the most current and complete management theory on the market.
700 1# - ADDED ENTRY--PERSONAL NAME
Personal name Schuler, Randall S.
856 40 - ELECTRONIC LOCATION AND ACCESS
Materials specified Amazon.com
Uniform Resource Identifier <a href="http://www.amazon.com/exec/obidos/ASIN/0324314574/chopaconline-20">http://www.amazon.com/exec/obidos/ASIN/0324314574/chopaconline-20</a>
942 ## - ADDED ENTRY ELEMENTS (KOHA)
Institution code [OBSOLETE] NBS
Koha item type Book
Call number prefix 658.4 BUL
Holdings
Withdrawn status Lost status Damaged status Not for loan Permanent Location Current Location Date acquired Total Checkouts Full call number Barcode Date last seen Date last checked out Price effective from Koha item type
        Central Library (CL) Central Library (CL) 08/28/2013 1 658.4 BUL NBS5762 06/09/2015 12/30/2014 08/28/2013 Book
© 2023 Central Library, National University of Sciences and Technology. All Rights Reserved.